| 000 | 01755nam2a22002411 4500 | ||
|---|---|---|---|
| 001 | rc\935018 | ||
| 005 | 20250622103547.0 | ||
| 035 | _a(NLR Aleph) 006243248 | ||
| 090 |
_a6685398 _c6685398 |
||
| 100 | _a20041129d1982 |||y0rusy50 ca | ||
| 101 | 0 | _arus | |
| 102 | _aRU | ||
| 105 | _ay ||||||||| | ||
| 200 | 0 |
_aВып. 4 _f[Подгот. д. м. н. Б.С. Демидов, к. м. н. Г.А. Гапонько, к. м. н. Л.И. Дмитриева, В.Н. Филиппова] |
|
| 210 |
_d1982 _aБ. м. |
||
| 215 | _a66 с. | ||
| 333 | _aДСП. Экз. № 8 | ||
| 461 | 0 |
_1001rc\935017 _12001#$aБиблиографический указатель изобретений и рационализаторских предложений сотрудников научно-исследовательских институтов и кафедр туберкулеза медицинских институтов и институтов усовершенствования врачей за 1979-1981 гг.$fМ-во здравоохранения СССР, ЦНИИ туберкулеза$vВып. 4 _96685391 _cМ. _d1982 _fМ-во здравоохранения СССР, ЦНИИ туберкулеза _nБ. и. _tБиблиографический указатель изобретений и рационализаторских предложений сотрудников научно-исследовательских институтов и кафедр туберкулеза медицинских институтов и институтов усовершенствования врачей за 1979-1981 гг. _vВып. 4 |
|
| 801 | 0 |
_aRU _bNLR _gpsbo |
|
| 801 | 1 |
_aRU _bELAR _2rusmarc |
|
| 852 |
_aNLR _j82-50К/5898 |
||
| 942 | _cBOOK | ||
| 980 | _aNB | ||